[Event "Défi"]
[Site "www.echecsemail.com"]
[Date "2026.01.27"]
[Round "1"]
[White "Castor"]
[Black "Jlr"]
[WhiteElo "1360"]
[BlackElo "1400"]
[Result "0-1"]
1.d4 d5
2.c4 e6
3.Nb1c3 dxc4
4.e4 h6
5.Ng1f3 b5
6.Bf1e2 g5
7.h3 Nb8c6
8.Bc1e3 b4
9.Nc3a4 Nc6a5
10.Be3d2 Bc8b7
11.O-O Bb7xe4
12.Bd2e3 Bf8d6
13.Nf3e1 c3
14.bxc3 Ng8f6
15.f3 bxc3
16.fxe4 Nf6xe4
17.Be2f3 Ne4g3
18.Rf1f2 Na5c4
19.Bf3xa8 Nc4xe3
20.Qd1f3 Ng3f5
21.Ba8e4 g4
22.Qf3e2 Qd8g5
23.Na4xc3 Nf5g3
24.Qe2b5 Qg5xb5
25.Nc3xb5 Ng3xe4
26.Rf2e2 Bd6f4
27.Ra1c1 Ne4g3
28.Re2f2 gxh3
29.gxh3 Ne3d5
30.Ne1g2 Bf4xc1
31.Rf2c2 Bc1g5
32.h4 Bg5f6
33.Nb5xc7 Ke7
34.Rc2d2 Nd5xc7
35.Rd2d3 Nc7d5
36.Rd3a3 Ng3e2
37.Kf1 Ne2xd4
38.Ra3xa7 Kf8
39.a4 Bf6e5
40.Ng2e1 Nd5e3
41.Kf2 Ne3g4
42.Kg2 Ng4e3
43.Kf2 Ne3f5
44.Ne1g2 Be5g3
45.Kf1 Kg7
46.Ng2f4 Bg3xf4
47.Ra7d7 e5
48.h5 Nf5g3
49.Kg2 Ng3xh5
50.Rd7a7 Bf4e3
51.Ra7a6 Nh5f4
52.Kf1 Rh8c8
{ abandon }0-1

[Event "1001"]
[Site "www.echecsemail.com"]
[Date "2026.01.27"]
[Round "1"]
[White "Katastrofic"]
[Black "Qsdmlk"]
[WhiteElo "1380"]
[BlackElo "1530"]
[Result "1-0"]
1.e4 e6
2.Bf1c4 Bf8c5
3.h3 Ng8f6
4.d3 O-O
5.Ng1f3 d5
6.exd5 exd5
7.Bc4b3 Nb8c6
8.O-O Rf8e8
9.d4 Bc5b6
10.c3 Bc8f5
11.Bc1g5 Qd8d6
12.Bb3c2 Bf5d7
13.Bc2a4 a5
14.Ba4xc6 Bd7xc6
15.Nf3e5 Nf6e4
16.Bg5f4 Qd6f6
17.Bf4g3 Re8e6
18.Ne5xc6 Re6xc6
19.Bg3e5 Qf6g6
20.Qd1c2 a4
21.Nb1d2 Rc6e6
22.Nd2xe4 dxe4
23.Ra1e1 c5
24.Qc2xe4 Bb6c7
25.Qe4xg6 hxg6
26.Be5xc7 Re6c6
27.Re1e7 Kf8
28.Rf1e1 Ra8c8
29.Bc7f4 b5
30.Re7e4 cxd4
31.Re4xd4 f6
32.Re1d1 a3
33.Rd4d8 Rc8xd8
34.Rd1xd8 Ke7
35.Rd8b8 b4
36.Rb8xb4 Rc6e6
37.Rb4b7 Kf8
38.b4 Re6e1
39.Kh2 Re1a1
40.Rb7a7 Ra1xa2
41.b5 Ra2xf2
42.Kg3 Rf2c2
43.Bf4d6 Kg8
44.Bd6b4 a2
45.b6 Rc2d2
46.b7 Rd2d8
47.Ra7xa2 Kh7
48.Ra2a8 { abandon }1-0

[Event "Coupe Niveau 7"]
[Site "www.echecsemail.com"]
[Date "2026.01.27"]
[Round "1"]
[White "Alain64"]
[Black "Orosco"]
[WhiteElo "2080"]
[BlackElo "2220"]
[Result "0-1"]
1.b3 Ng8f6
2.Bc1b2 e6
3.f4 Bf8e7
4.Ng1f3 O-O
5.d4 d5
6.c4 Nf6e4
7.Nb1c3 c5
8.e3 Qd8a5
9.Qd1c2 cxd4
10.exd4 Be7b4
11.Ra1c1 Bb4d6
12.g3 Nb8c6
13.Bf1d3 Nc6b4
14.Qc2b1 Nb4xd3
15.Qb1xd3 b6
16.O-O Bc8b7
17.Nf3e5 f6
18.Ne5f3 Rf8e8
19.Rf1e1 Bd6b4
20.Nf3d2 Ne4xd2
21.Qd3xd2 dxc4
22.bxc4 Qa5xa2
23.Qd2e2 Qa2b3
24.d5 exd5
25.Qe2xe8 Ra8xe8
26.Re1xe8 Kf7
27.Re8e2 d4
28.Nc3d1 Qb3f3
29.Bb2xd4 Qf3h1
30.Kf2 Qh1g2
{ abandon }0-1

[Event "Eq:modesty-Avalon :"]
[Site "www.echecsemail.com"]
[Date "2026.01.27"]
[Round "1"]
[White "Fresiers"]
[Black "Sierra117"]
[WhiteElo "2210"]
[BlackElo "1650"]
[Result "1-0"]
1.d4 d5
2.c4 e6
3.Nb1c3 Ng8f6
4.Bc1g5 Bf8e7
5.e3 c6
6.Bf1d3 Nb8d7
7.Ng1f3 h6
8.Bg5h4 O-O
9.c5 Kh8
10.Bd3c2 Nf6g8
11.Qd1d3 Ng8f6
12.Bh4xf6 Nd7xf6
13.e4 dxe4
14.Nc3xe4 Nf6xe4
15.Qd3xe4 g6
16.O-O-O f5
17.Qe4d3 Kh7
18.g4 Qd8e8
19.gxf5 exf5
20.h4 Qe8f7
21.Bc2b3 Qf7g7
22.Rd1g1 b6
23.Nf3e5 Rf8f6
24.d5 Bc8b7
25.d6 Be7f8
26.h5 { abandon }1-0

[Event "Eq:modesty-Avalon :"]
[Site "www.echecsemail.com"]
[Date "2026.01.27"]
[Round "1"]
[White "Sierra117"]
[Black "Fresiers"]
[WhiteElo "1650"]
[BlackElo "2210"]
[Result "0-1"]
1.e4 c6
2.d4 d5
3.Nb1c3 dxe4
4.Nc3xe4 Ng8f6
5.Ne4xf6 exf6
6.Ng1f3 Bf8d6
7.Bf1c4 O-O
8.O-O Bc8g4
9.Rf1e1 Bd6c7
10.h3 Bg4h5
11.Qd1d3 Qd8d6
12.g3 g5
13.Nf3h2 Nb8d7
14.c3 b5
15.Bc4b3 Nd7e5
16.Qd3e3 Ne5g6
17.Bc1d2 Qd6d7
18.Kg2 Rf8e8
19.Qe3d3 c5
20.Qd3f1 f5
21.Bb3c2 f4
22.Nh2g4 Bh5xg4
23.hxg4 Qd7xg4
24.Bc2d1 Ng6h4
25.Kh2 fxg3
26.Kg1 gxf2
{ abandon }0-1

[Event "Défi"]
[Site "www.echecsemail.com"]
[Date "2026.01.27"]
[Round "1"]
[White "Caraca2"]
[Black "Degun"]
[WhiteElo "1740"]
[BlackElo "1980"]
[Result "1-0"]
1.Ng1f3 Nb8c6
2.Nb1c3 e5
3.e4 Ng8f6
4.Bf1b5 d6
5.O-O Bf8e7
6.d3 a6
7.Bb5xc6 bxc6
8.a3 O-O
9.b4 Bc8g4
10.h3 Bg4h5
11.Nc3e2 Bh5xf3
12.gxf3 Qd8d7
13.Kh2 Nf6h5
14.Rf1g1 f5
15.Ne2g3 Nh5f4
16.Bc1xf4 exf4
17.Ng3xf5 Rf8xf5
18.exf5 Qd7xf5
19.Rg1g4 Ra8f8
20.Qd1e2 Be7f6
21.Ra1e1 Bf6e5
22.Qe2e4 Qf5d7
23.d4 Rf8e8
24.Kg2 g6
25.Rg4xf4 Be5xf4
26.Qe4xe8 Qd7xe8
27.Re1xe8 Kf7
28.Re8a8 Ke6
29.Ra8xa6 Kd5
30.Ra6a7 Kxd4
31.Ra7xc7 c5
32.b5 Kc4
33.b6 d5
34.Rc7c8 Kb5
35.b7 { abandon }1-0

[Event "Défi"]
[Site "www.echecsemail.com"]
[Date "2026.01.27"]
[Round "1"]
[White "Arno"]
[Black "Manulatus"]
[WhiteElo "1800"]
[BlackElo "1920"]
[Result "0-1"]
1.d4 d5
2.Bc1f4 Ng8f6
3.e3 c5
4.c3 cxd4
5.exd4 e6
6.Ng1f3 Nb8c6
7.Bf1d3 Bf8d6
8.Bf4g3 O-O
9.Nb1d2 a6
10.Nf3e5 Qd8c7
11.Ra1c1 Nc6xe5
12.dxe5 Bd6xe5
13.Nd2f3 Be5xg3
14.hxg3 h6
15.Bd3b1 Bc8d7
16.O-O Ra8c8
17.Rf1e1 Rf8e8
18.Qd1d3 Qc7c4
19.Nf3e5 Qc4xd3
20.Bb1xd3 Rc8c7
21.c4 dxc4
22.Rc1xc4 Rc7xc4
23.Bd3xc4 Bd7c8
24.f3 b5
25.Bc4b3 Bc8b7
26.Ne5d3 Re8d8
27.Nd3c5 Bb7c8
28.Re1e2 Kf8
29.Nc5e4 Nf6d5
30.Re2d2 Bc8b7
31.Bb3xd5 exd5
32.Ne4c5 Bb7c8
33.Nc5d3 Bc8e6
34.Nd3f4 Ke7
35.Nf4d3 Rd8c8
36.Nd3b4 a5
37.Nb4d3 f6
38.Nd3f4 Rc8c5
39.a3 Be6f7
40.Kh2 g5
41.b4 axb4
42.axb4 Rc5c4
43.Nf4xd5 Bf7xd5
44.Rd2xd5 Rc4xb4
45.Rd5c5 Rb4b2
46.Rc5c6 b4
47.Rc6b6 b3
48.g4 Rb2b1
49.Kg3 b2
50.Kf2 Kd7
51.Kg3 Kc7
52.Rb6b3 Kd6
53.Kf2 Kc5
54.g3 Rb1h1
{ abandon }0-1

[Event "CHATURANGA"]
[Site "www.echecsemail.com"]
[Date "2026.01.27"]
[Round "1"]
[White "Titit1"]
[Black "Mindthegap"]
[WhiteElo "1480"]
[BlackElo "1460"]
[Result "0-1"]
1.e4 e5
2.Ng1f3 Ng8f6
3.Bf1c4 Nf6xe4
4.Qd1e2 d5
5.Bc4b3 Nb8c6
6.O-O Bc8g4
7.h3 Nc6d4
8.Qe2d3 Bg4xf3
9.Bb3a4 c6
10.g3 Qd8c8
11.Nb1c3 Qc8xh3
12.Nc3e2 Qh3g2
0-1

[Event "Coupe Niveau 3"]
[Site "www.echecsemail.com"]
[Date "2026.01.27"]
[Round "1"]
[White "Patau"]
[Black "Elghribi"]
[WhiteElo "1710"]
[BlackElo "1920"]
[Result "0-1"]
1.e4 d6
2.d4 Ng8f6
3.Nb1c3 g6
4.f3 Bf8g7
5.Bc1e3 O-O
6.Qd1d2 Nb8c6
7.O-O-O e5
8.dxe5 Nc6xe5
9.Ng1e2 Bc8e6
10.Be3h6 a6
11.Bh6xg7 Kxg7
12.Ne2d4 Qd8e7
13.Nd4xe6 Qe7xe6
14.Nc3d5 Nf6xd5
15.Qd2xd5 Qe6xd5
16.Rd1xd5 Ra8d8
17.Bf1e2 Rd8d7
18.Rh1d1 f6
19.c4 Rf8d8
20.c5 dxc5
21.Rd5xd7 Rd8xd7
22.Rd1xd7 Ne5xd7
23.Be2c4 b5
24.Bc4d5 Nd7b6
25.Bd5b7 a5
26.Bb7c6 b4
27.Kc2 Kf7
28.Bc6b5 Ke7
29.Kd3 Kd6
30.f4 h6
31.Bb5e8 g5
32.fxg5 fxg5
33.b3 Ke5
34.Ke3 c4
35.bxc4 Nb6xc4
36.Kd3 Nc4b6
37.g3 c5
38.g4 c4
39.Ke3 a4
40.Be8b5 b3
41.axb3 a3
42.bxc4 a2
{ abandon }0-1

[Event "Coupe Niveau 4"]
[Site "www.echecsemail.com"]
[Date "2026.01.27"]
[Round "1"]
[White "Nicodemouscron"]
[Black "Verson"]
[WhiteElo "2130"]
[BlackElo "1840"]
[Result "1-0"]
1.e4 e6
2.d4 d5
3.Nb1d2 dxe4
4.Nd2xe4 Nb8d7
5.Ng1f3 Ng8f6
6.Ne4xf6 Nd7xf6
7.Bf1d3 Bf8e7
8.O-O O-O
9.c3 b6
10.Rf1e1 Bc8b7
11.Bc1g5 h6
12.Bg5h4 Nf6d5
13.Bh4xe7 Qd8xe7
14.Bd3c2 Nd5f6
15.Nf3e5 Ra8d8
16.Qd1d3 c5
17.Ne5g4 g6
18.Ng4e5 Qe7e8
19.Re1e3 Kg7
20.Ra1e1 Qe8e7
21.Ne5xg6 Qe7d6
22.Re3g3 { abandon }1-0

[Event "Tournoi n27412"]
[Site "www.echecsemail.com"]
[Date "2026.01.27"]
[Round "1"]
[White "Tiounet"]
[Black "Wenoketo"]
[WhiteElo "1580"]
[BlackElo "1710"]
[Result "1-0"]
1.a3 d5
2.b4 Ng8f6
3.Bc1b2 Nb8d7
4.g3 e6
5.Bf1g2 Bf8e7
6.e3 O-O
7.Ng1e2 b6
8.O-O Bc8b7
9.c4 Ra8b8
10.cxd5 Bb7xd5
11.Bg2xd5 Nf6xd5
12.Qd1b3 Nd5f6
13.Nb1c3 c5
14.bxc5 Nd7xc5
15.Qb3c4 Rb8c8
16.Qc4b5 Qd8xd2
17.Rf1d1 Qd2c2
18.Ra1c1 Qc2g6
19.Ne2f4 Qg6h6
20.h4 Be7d6
21.Rd1xd6 g5
22.hxg5 Qh6xg5
23.Qb5e2 Nc5e4
24.Nc3xe4 Rc8xc1
25.Bb2xc1 Nf6xe4
26.Rd6d7 Rf8c8
27.Bc1b2 a5
28.Kg2 Ne4c5
29.Rd7a7 e5
30.Nf4d5 Rc8e8
31.Nd5xb6 h5
32.Ra7xa5 Nc5e6
33.Ra5xe5 Qg5g4
34.Qe2xg4 { abandon }1-0

[Event "Défi( 10J+36H/c 30J Max )"]
[Site "www.echecsemail.com"]
[Date "2026.01.27"]
[Round "1"]
[White "Anumisme"]
[Black "Lilou"]
[WhiteElo "1150"]
[BlackElo "1320"]
[Result "0-1"]
1.d4 d5
2.Nb1c3 c6
3.f3 e6
4.e4 Ng8e7
5.e5 Ne7f5
6.g4 Nf5e3
7.Bc1xe3 Qd8b6
8.b3 Bf8b4
9.Be3d2 Qb6xd4
10.Ng1e2 Qd4xe5
11.Bf1g2 Qe5f6
12.Nc3a4 Bb4d6
13.Ne2c3 Qf6e5
14.Nc3e2 b5
15.Na4c3 Bd6c5
16.h3 Qe5f6
17.Ne2f4 Qf6h4
18.Ke2 Bc8a6
19.Qd1f1 b4
20.Nf4d3 Nb8d7
21.Nc3a4 Bc5d4
22.Ra1c1 f5
23.Na4b2 O-O
24.Bd2xb4 f4
25.Bb4xf8 Kxf8
26.c4 Ra8c8
27.a4 Rc8e8
28.Nb2d1 e5
29.Nd1b2 e4
30.Nd3xf4 Qh4g5
31.Nb2d1 Qg5xf4
32.fxe4 Re8xe4
33.Bg2xe4 g5
34.Be4f3 Nd7c5
35.b4 Nc5b3
36.Nd1e3 Qf4xe3
37.Kd1 Qe3d2
0-1

[Event "Eq:Les enfants de l Atlantide-O fou d hello :"]
[Site "www.echecsemail.com"]
[Date "2026.01.27"]
[Round "1"]
[White "Tjspret"]
[Black "Lecevenol"]
[WhiteElo "1810"]
[BlackElo "1260"]
[Result "1-0"]
1.e4 e5
2.Ng1f3 Qd8f6
3.Nb1c3 d6
4.Bf1c4 Bc8e6
5.Bc4xe6 Qf6xe6
6.O-O f6
7.d4 exd4
8.Nf3xd4 Qe6e5
9.Nc3e2 Qe5xe4
10.Rf1e1 Nb8c6
11.Ne2g3 { abandon }1-0

[Event "Tournoi n27383"]
[Site "www.echecsemail.com"]
[Date "2026.01.27"]
[Round "1"]
[White "Vvvv"]
[Black "Pgo"]
[WhiteElo "1690"]
[BlackElo "1740"]
[Result "1/2-1/2"]
1.e4 e5
2.Ng1f3 Nb8c6
3.Bf1c4 Bf8c5
4.b4 Bc5b6
5.c3 Ng8f6
6.Nf3g5 O-O
7.d3 h6
8.Ng5xf7 Rf8xf7
9.Bc4xf7 Kxf7
10.Qd1b3 d5
11.O-O Bc8e6
12.exd5 Be6xd5
13.c4 Bb6d4
14.cxd5 Nf6xd5
15.Bc1e3 Bd4xa1
16.f4 Ke8
17.Nb1d2 Nd5xe3
18.Qb3g8 Kd7
19.Qg8xg7 Nc6e7
20.Rf1xa1 exf4
21.Qg7d4 Ne3d5
22.Nd2f3 Kc8
23.Ra1c1 Ne7f5
24.Qd4c5 c6
25.Nf3e5 Qd8e7
26.Qc5xd5 Nf5e3
27.Rc1xc6 bxc6
28.Qd5xc6 Qe7c7
29.Qc6xa8 Qc7b8
30.Qa8c6 Qb8c7
31.Qc6e8 Kb7
32.Qe8b5 Kc8
33.Ne5c6 Ne3c2
34.Qb5c5 Qc7b6
35.Nc6xa7 Kb7
36.Qc5xb6 Kxb6
37.Na7c8 Kb5
38.Kf2 Nc2xb4
39.Ke2 Nb4xa2
40.Nc8e7 Na2c1
41.Kd2 Nc1b3
42.Kc3 Nb3c5
43.Kd4 Nc5e6
44.Ke5 Ne6c5
45.Kxf4 Nc5xd3
46.Kf5 Nd3e1
47.g4 Ne1f3
48.h3 Nf3h4
49.Kf6 Kc5
50.Ne7f5 Nh4f3
51.h4 Kd5
52.h5 Nf3e5
53.Nf5xh6 Ne5d7
54.Kg7 Ke6
55.Nh6f5 Nd7e5
56.h6 Ne5xg4
57.h7 Kxf5
58.h8Q Ng4e5
59.Qh8h5 Ke6
60.Qh5e8 Kf5
61.Qe8b5 Ke6
62.Qb5b6 Kf5
63.Qb6b5 Ke6
64.Qb5xe5 Kxe5
1/2-1/2

[Event "Tetraktus 103"]
[Site "www.echecsemail.com"]
[Date "2026.01.27"]
[Round "1"]
[White "Intrigue"]
[Black "Pgo"]
[WhiteElo "1760"]
[BlackElo "1740"]
[Result "1/2-1/2"]
1.e4 e5
2.Ng1f3 Nb8c6
3.Bf1c4 Bf8c5
4.O-O Ng8f6
5.Nb1c3 d6
6.h3 h6
7.a3 O-O
8.d3 a6
9.b4 Bc5d4
10.Nf3xd4 Nc6xd4
11.Nc3e2 Nd4xe2
12.Qd1xe2 b5
13.Bc4b3 c5
14.bxc5 dxc5
15.c4 b4
16.axb4 cxb4
17.Bc1e3 Bc8b7
18.Be3c5 a5
19.Bc5xf8 Qd8xf8
20.Rf1c1 Bb7c6
21.Qe2e3 a4
22.Bb3d1 a3
23.Rc1b1 Bc6a4
24.Bd1b3 Qf8d6
25.c5 Qd6d4
26.Qe3xd4 exd4
27.e5 Nf6d7
28.e6 fxe6
29.Bb3xe6 Kf8
30.Rb1xb4 Nd7xc5
31.Be6c4 Ba4c2
32.Kf1 Bc2xd3
33.Bc4xd3 Nc5xd3
34.Rb4xd4 Nd3e5
35.f4 Ne5g6
36.g3 Ng6e7
37.Rd4d3 a2
38.Rd3d2 Ne7f5
39.Kf2 Ra8a3
40.g4 Nf5h4
41.Ra1xa2 Ra3f3
42.Ke2 Rf3xf4
43.Ra2a8 Kf7
44.Rd2d6 Rf4e4
45.Kf2 Re4e7
46.Rd6d8 Nh4g6
47.Rd8b8 Re7c7
48.Rb8b2 Ng6e5
49.Kg3 Rc7c3
50.Kg2 Kg6
51.Ra8e8 Ne5f7
52.h4 Rc3c4
53.Rb2b6 Kh7
54.Rb6b7 Rc4xg4
55.Kh3 Rg4f4
56.Re8e7 Kg6
57.Rb7b6 Rf4f6
58.Rb6xf6 Kxf6
59.Re7a7 h5
60.Kg3 g6
61.Kf4 Kg7
62.Ra7a6 Kh6
{ nul }1/2-1/2

[Event "Défi"]
[Site "www.echecsemail.com"]
[Date "2026.01.27"]
[Round "1"]
[White "Prize640"]
[Black "64uiop"]
[WhiteElo "2210"]
[BlackElo "2580"]
[Result "0-1"]
1.c4 e5
2.Nb1c3 Ng8f6
3.Ng1f3 e4
4.Nf3g5 c6
5.Ng5xe4 Nf6xe4
6.Nc3xe4 d5
7.cxd5 cxd5
8.Ne4g3 h5
9.e3 h4
10.Ng3e2 Nb8c6
11.d4 Qd8f6
12.Ne2c3 Qf6g6
13.Nc3xd5 Bf8d6
14.Nd5c3 Bc8f5
15.a3 O-O-O
16.Bc1d2 Rh8e8
17.h3 Nc6xd4
18.Ra1c1 Kb8
19.Qd1a4 Bd6c7
20.Nc3b5 Nd4xb5
21.Qa4xb5 Bf5e4
22.Qb5c4 Bc7b6
23.Qc4a4 f5
{ abandon }0-1

[Event "Défi"]
[Site "www.echecsemail.com"]
[Date "2026.01.27"]
[Round "1"]
[White "Xercott"]
[Black "Majula"]
[WhiteElo "1780"]
[BlackElo "1620"]
[Result "1-0"]
1.d4 d5
2.c4 e5
3.e3 e4
4.cxd5 Qd8xd5
5.Qd1c2 c6
6.Nb1c3 Bf8b4
7.Bc1d2 Bb4xc3
8.Qc2xc3 Ng8f6
9.Bf1c4 Qd5d6
10.Ng1e2 g5
11.Ne2g3 Bc8e6
12.Bc4xe6 Qd6xe6
13.O-O a5
14.Qc3c5 Qe6d5
15.Bd2c3 Qd5xc5
16.dxc5 Nb8d7
17.Ng3xe4 Nf6xe4
18.Bc3xh8 Ke7
19.Bh8d4 Nd7f6
20.Ra1d1 Nf6d5
21.Rf1e1 b5
22.f3 Ne4f6
23.e4 Nd5f4
24.Bd4xf6 Kxf6
25.Rd1d6 Ke5
26.g3 Nf4e6
27.Rd6xc6 Ne6d4
28.Rc6c7 Ke6
29.Kf2 Nd4c2
30.Re1d1 Ra8a6
31.Rd1d7 Ra6d6
32.Rd7e7 Kf6
33.cxd6 { abandon }1-0

[Event "Défi"]
[Site "www.echecsemail.com"]
[Date "2026.01.27"]
[Round "1"]
[White "Roger72"]
[Black "Whisky"]
[WhiteElo "1280"]
[BlackElo "1320"]
[Result "1-0"]
1.e4 d5
2.e5 Qd8d7
3.d4 e6
4.Ng1f3 Nb8a6
5.Bf1d3 Bf8b4
6.c3 Bb4a5
7.O-O Ng8e7
8.Bc1g5 h6
9.Qd1d2 hxg5
10.Qd2xg5 Kd8
11.b4 g6
12.bxa5 Rh8h5
13.Qg5f6 c6
14.Nb1d2 Kc7
15.Qf6xf7 Ne7f5
16.Qf7xg6 Rh5h7
17.Rf1e1 Rh7g7
18.Qg6h5 Rg7h7
19.Qh5g4 Rh7g7
20.Qg4f4 Qd7f7
21.Nf3g5 Qf7e7
22.Nd2f3 Bc8d7
23.Bd3xa6 bxa6
24.Ra1b1 Ra8b8
25.Rb1d1 Bd7e8
26.a4 Be8d7
27.Rd1c1 Bd7e8
28.c4 Rb8b4
29.c5 Rb4xa4
30.Re1e2 Be8h5
31.Re2b2 Bh5xf3
32.Ng5xe6 Qe7xe6
33.Qf4xf3 Nf5xd4
34.Qf3d1 Qe6g6
35.g3 Qg6f6
36.exf6 Ra4c4
37.Rc1xc4 dxc4
38.Qd1xd4 Rg7f7
39.Qd4xc4 Rf7xf6
40.Qc4xa6 Kd8
41.Rb2d2 Ke7
42.Qa6xa7 Kf8
43.Rd2d8 1-0

[Event "XERTIGNY  VOSGES"]
[Site "www.echecsemail.com"]
[Date "2026.01.27"]
[Round "1"]
[White "Casisimed"]
[Black "4x4"]
[WhiteElo "1620"]
[BlackElo "1460"]
[Result "1-0"]
1.e4 e5
2.Ng1f3 Ng8f6
3.Bf1c4 Nf6xe4
4.Qd1e2 d6
5.O-O Ne4c5
6.d4 Nc5e6
7.dxe5 d5
8.Bc4b3 c6
9.c4 Bc8d7
10.cxd5 cxd5
11.Bc1g5 Bf8e7
12.Bg5xe7 Qd8xe7
13.Nb1c3 Nb8c6
14.Nc3xd5 Qe7d8
15.Ra1c1 O-O
16.Rf1d1 Qd8b8
17.Nf3h4 Nc6a5
18.Bb3c4 Na5xc4
19.Rc1xc4 Bd7c6
20.Nd5e7 Kh8
21.Ne7xc6 bxc6
22.Rc4xc6 Ne6f4
23.Qe2g4 Qb8xe5
24.Rc6d6 f5
25.Qg4g5 Ra8e8
26.h3 h6
27.Rd6xh6 gxh6
28.Qg5xh6 Kg8
29.Qh6g5 Qe5g7
30.Qg5xg7 Kxg7
31.Rd1d7 Kh6
32.Rd7xa7 Nf4xh3
33.gxh3 Rf8g8
34.Kf1 Kg5
35.Nh4f3 Kf4
36.Nf3e1 Rg8h8
37.Ra7a4 Kg5
38.Ne1f3 Kf6
39.Ra4a6 Re8e6
40.Ra6xe6 Kxe6
41.h4 Kd5
42.Ke2 Rh8e8
43.Kd3 Re8b8
44.b3 Rb8a8
45.a4 Ra8b8
46.Nf3d2 Rb8b4
47.a5 Rb4xh4
48.f3 f4
49.b4 Rh4h6
50.b5 Kc5
51.b6 Kb5
52.Nd2c4 Rh6c6
53.b7 Rc6xc4
54.b8Q Kc5
55.Qb8c7 Kb4
56.Qc7b6 Ka4
57.Kxc4 Ka3
58.Qb6b3 1-0

[Event "Défi( 10J+24H/c 10J Max )"]
[Site "www.echecsemail.com"]
[Date "2026.01.27"]
[Round "1"]
[White "Sylvia13"]
[Black "Titit1"]
[WhiteElo "1600"]
[BlackElo "1460"]
[Result "1-0"]
1.d4 d5
2.Ng1f3 Nb8c6
3.Nb1c3 Bc8f5
4.a3 Ng8f6
5.h3 Qd8d7
6.Bc1f4 a6
7.e3 e6
8.Bf1e2 Bf8d6
9.O-O O-O
10.Bf4g5 Bd6e7
11.Be2d3 Bf5xd3
12.Qd1xd3 Nf6h5
13.e4 Be7xg5
14.Nf3xg5 Nh5f4
15.Qd3e3 Nf4g6
16.Nc3a4 b5
17.Na4c5 Qd7c8
18.c3 Rf8e8
19.Qe3g3 h6
20.Ng5f3 Nc6a5
21.b3 Na5c6
22.b4 Nc6d8
23.e5 Nd8b7
24.Nf3h4 Nb7xc5
25.dxc5 c6
26.Ra1d1 Ng6e7
27.Qg3g4 Qc8c7
28.f4 a5
29.Rf1f3 Re8d8
30.Rf3g3 g6
31.Rd1e1 axb4
32.cxb4 Ra8a4
33.f5 exf5
34.Nh4xf5 Ne7xf5
35.Qg4xf5 Kh7
36.Qf5f6 d4
37.Rg3g4 d3
38.Rg4h4 Ra4xa3
39.Qf6g5 h5
40.e6 Ra3a2
41.Rh4f4 d2
42.Re1d1 Rd8e8
43.Rf4xf7 Qc7xf7
44.exf7 Re8f8
45.Qg5e7 Rf8a8
46.f8Q 1-0

[Event "Tournoi n27411"]
[Site "www.echecsemail.com"]
[Date "2026.01.27"]
[Round "1"]
[White "Gognol"]
[Black "Verson"]
[WhiteElo "1920"]
[BlackElo "1840"]
[Result "0-1"]
1.e4 e6
2.c4 d5
3.exd5 exd5
4.d4 c6
5.c5 Ng8f6
6.h3 Bf8e7
7.Nb1c3 O-O
8.Bf1d3 Bc8e6
9.Ng1f3 Nb8d7
10.b4 Rf8e8
11.Nf3h2 Nd7f8
12.Bc1d2 Nf8g6
13.Qd1f3 Qd8d7
14.Bd3e2 Be6f5
15.O-O-O Nf6e4
16.Nc3xe4 Bf5xe4
17.Qf3h5 Qd7f5
18.Qh5xf5 Be4xf5
19.Nh2f3 Be7f6
20.Rd1e1 Bf5e4
21.Rh1g1 Re8e7
22.g4 Re7e6
23.g5 Bf6d8
24.h4 Bd8c7
25.Rg1g4 Ra8e8
26.Re1f1 Be4f5
27.Rg4g1 Re6xe2
28.h5 Ng6f4
29.Bd2xf4 Bc7xf4
{ abandon }0-1

[Event "Eq:Les enfants de l Atlantide-modesty :"]
[Site "www.echecsemail.com"]
[Date "2026.01.27"]
[Round "1"]
[White "Capitaine"]
[Black "Zax"]
[WhiteElo "2380"]
[BlackElo "2290"]
[Result "1-0"]
1.e4 d5
2.exd5 Qd8xd5
3.Nb1c3 Qd5d6
4.d4 Ng8f6
5.Ng1f3 Bc8g4
6.h3 Bg4h5
7.g4 Bh5g6
8.Bf1g2 Nb8d7
9.O-O a6
10.Bc1e3 e6
11.Nc3e2 Bf8e7
12.c4 O-O
13.c5 Qd6c6
14.Nf3e5 Qc6b5
15.Ne5xg6 hxg6
16.a4 Qb5xb2
17.Ra1b1 Qb2a2
18.Rb1xb7 Rf8b8
19.Rb7xc7 Be7d8
20.Rc7c6 Ra8a7
21.Rc6d6 Bd8e7
22.Rd6c6 Rb8b2
23.Rc6c8 Kh7
24.Ne2f4 Qa2b3
25.Nf4d3 Qb3xd1
26.Rf1xd1 Nf6d5
27.Nd3xb2 { abandon }1-0

[Event "Tournoi n27380"]
[Site "www.echecsemail.com"]
[Date "2026.01.27"]
[Round "1"]
[White "Willkommen54"]
[Black "Verson"]
[WhiteElo "2020"]
[BlackElo "1890"]
[Result "1-0"]
1.d4 d5
2.Ng1f3 Ng8f6
3.e3 e6
4.Bf1d3 Bf8d6
5.Nb1d2 Nb8d7
6.O-O O-O
7.b3 c5
8.Bc1b2 b6
9.Nf3e5 Qd8c7
10.f4 Bc8b7
11.c4 Nf6e4
12.Nd2f3 f6
13.Ne5g4 cxd4
14.Nf3xd4 Ra8e8
15.Nd4b5 Qc7b8
16.Nb5xd6 Ne4xd6
17.Qd1c2 f5
18.Ng4e5 Qb8d8
19.b4 dxc4
20.Ne5xc4 Nd6xc4
21.Qc2xc4 Qd8c8
22.Qc4d4 Qc8c6
23.Qd4xg7 1-0

[Event "Transval 3"]
[Site "www.echecsemail.com"]
[Date "2026.01.27"]
[Round "1"]
[White "Sam"]
[Black "4x4"]
[WhiteElo "1670"]
[BlackElo "1450"]
[Result "1-0"]
1.e4 e5
2.Bf1c4 d6
3.Qd1h5 Qd8f6
4.Nb1c3 g6
5.Qh5e2 Nb8c6
6.Nc3d5 Qf6d8
7.Ng1f3 Bc8e6
8.b3 Nc6e7
9.Nd5f6 Ng8xf6
10.Bc1b2 Ne7c6
11.O-O-O Bf8g7
12.Nf3g5 Qd8d7
13.Ng5xe6 fxe6
14.g3 O-O-O
15.h4 a6
16.a4 Nc6b8
17.g4 c5
18.g5 Nf6e8
19.Qe2g4 Nb8c6
20.Bc4xe6 Nc6d4
21.Be6xd7 Rd8xd7
22.f4 Kc7
23.f5 gxf5
24.exf5 b6
25.f6 Bg7f8
26.Bb2xd4 cxd4
27.Qg4e6 Bf8e7
28.fxe7 Ne8g7
29.Qe6f7 Rh8e8
30.Qf7xg7 Rd7xe7
31.Qg7f6 Re7e6
32.Qf6f7 Re8e7
33.Qf7h5 Kc6
34.Rh1f1 Kc5
35.Rf1f6 Kd5
36.Rf6xe6 Kxe6
37.Rd1f1 Kd5
38.c4 Kc5
39.Rf1f6 Re7d7
40.Qh5f3 Kb4
41.Kb2 b5
42.axb5 axb5
43.Qf3d5 Ka5
44.Qd5xb5 1-0

[Event "CC Jan26 Asc(2/2)"]
[Site "www.echecsemail.com"]
[Date "2026.01.27"]
[Round "1"]
[White "Nbelnico"]
[Black "Pgo"]
[WhiteElo "1700"]
[BlackElo "1740"]
[Result "1-0"]
1.e4 e5
2.Ng1f3 Nb8c6
3.Bf1c4 Bf8c5
4.d3 Ng8f6
5.Nf3g5 O-O
6.O-O d6
7.h3 h6
8.Ng5f3 a6
9.a3 Rf8e8
10.Nb1c3 b5
11.Bc4b3 Bc8b7
12.Bb3d5 Ra8b8
13.b4 Bc5d4
14.Nf3xd4 Nc6xd4
15.f4 Bb7xd5
16.exd5 c5
17.bxc5 dxc5
18.fxe5 Re8xe5
19.Bc1f4 Re5f5
20.Bf4xb8 Rf5xf1
21.Kxf1 Qd8xb8
22.Nc3e4 Qb8f4
23.Kg1 Nf6xe4
24.dxe4 Qf4xe4
25.d6 Nd4c6
26.d7 Nc6d8
27.Qd1d2 Kf8
28.Ra1e1 f5
29.Re1xe4 fxe4
30.Qd2d6 Kf7
31.Qd6d5 Ke7
32.Qd5xe4 Kxd7
33.Qe4d5 Kc7
34.Qd5xc5 Nd8c6
35.c4 Kb7
36.cxb5 axb5
37.Qc5xb5 Kc7
38.a4 { abandon }1-0

[Event "Eq:au plaisir du jeux -modesty :"]
[Site "www.echecsemail.com"]
[Date "2026.01.27"]
[Round "1"]
[White "Upsalin"]
[Black "Cobraxx10"]
[WhiteElo "2500"]
[BlackElo "2210"]
[Result "0-1"]
1.d4 e6
2.c4 f5
3.Ng1f3 Ng8f6
4.h4 d5
5.Nb1c3 c6
6.cxd5 exd5
7.Bc1f4 Bf8d6
8.Bf4xd6 Qd8xd6
9.e3 O-O
10.g3 Nf6e4
11.Bf1d3 Bc8e6
12.Nc3e2 Nb8d7
13.O-O Nd7f6
14.Nf3e5 Ra8e8
15.Ne2f4 Be6f7
16.Kg2 Nf6d7
17.Ne5xf7 Rf8xf7
18.f3 Ne4f6
19.Bd3xf5 Re8xe3
20.Qd1d2 Re3e8
21.Ra1e1 Re8xe1
22.Rf1xe1 Rf7e7
23.Re1e6 Re7xe6
24.Bf5xe6 Kf8
25.Qd2a5 Ke7
26.Be6h3 b6
27.Qa5a6 g6
28.a3 c5
29.Qa6xa7 cxd4
30.Qa7a4 Qd6c5
31.Nf4d3 Qc5c4
32.Qa4d1 Kf8
33.Qd1d2 Ke7
34.Qd2e2 Kd8
35.Qe2d2 Ke7
36.Qd2e2 Kd8
37.Qe2d1 Ke8
38.h5 gxh5
39.Bh3f5 Kd8
40.Nd3f4 Nd7f8
41.Qd1e1 Qc4b3
42.Qe1c1 Qb3e3
43.Qc1c8 Ke7
44.Qc8c7 Ke8
45.Qc7xb6 Qe3e5
46.Bf5d3 h4
47.Nf4e2 Nf8e6
48.f4 Qe5e3
49.Qb6b5 Ke7
50.Qb5b4 Kf7
51.Qb4b7 Kg8
52.Qb7c8 Ne6f8
53.Qc8a6 Nf6e4
54.Qa6c6 Kg7
55.Qc6b7 Kh6
56.Qb7b6 Nf8g6
57.Qb6xd4 h3
58.Kxh3 Qe3f3
59.Kh2 Ne4f2
60.Kg1 Nf2xd3
61.f5 Qf3xe2
62.fxg6 Nd3e5
63.Qd4f2 Qe2xf2
64.Kxf2 Kxg6
65.a4 Ne5d3
66.Ke2 Nd3xb2
67.a5 Kf5
68.a6 Nb2a4
69.Ke3 Ke5
70.g4 d4
71.Kd2 Ke4
72.Ke2 Na4b6
73.Kd2 d3
74.a7 Kd4
75.g5 Nb6a8
76.Kd1 Ke3
77.Ke1 Na8b6
{ abandon }0-1

[Event "1301"]
[Site "www.echecsemail.com"]
[Date "2026.01.27"]
[Round "1"]
[White "4x4"]
[Black "Katastrofic"]
[WhiteElo "1480"]
[BlackElo "1370"]
[Result "0-1"]
1.e4 c5
2.Bf1c4 e6
3.Nb1c3 Bf8e7
4.d3 d6
5.Bc4b5 Bc8d7
6.Bb5xd7 Qd8xd7
7.Bc1f4 e5
8.Bf4e3 Ng8f6
9.Nc3d5 Nf6xd5
10.exd5 O-O
11.c4 a6
12.b3 f5
13.Ng1e2 f4
14.Be3d2 b5
15.Qd1c2 b4
16.Ne2g1 Be7f6
17.O-O-O a5
18.f3 a4
19.Ng1h3 a3
20.Nh3f2 Rf8f7
21.Nf2e4 Nb8a6
22.g3 fxg3
23.hxg3 Ra8f8
24.Ne4xf6 Rf7xf6
25.Rd1f1 Rf6xf3
26.Rf1xf3 Rf8xf3
27.Rh1g1 Qd7g4
28.Bd2e1 Qg4g5
29.Qc2d2 Qg5g6
30.Be1f2 Rf3xd3
31.Qd2c2 Rd3c3
32.Kd2 Qg6xc2
33.Ke1 Qc2c1
34.Ke2 Qc1c2
35.Kf1 Rc3f3
36.Kg2 Rf3xf2
37.Kh3 Rf2h2
38.Kg4 Qc2e4
39.Kg5 h6
0-1

[Event "Tournoi n27385"]
[Site "www.echecsemail.com"]
[Date "2026.01.27"]
[Round "1"]
[White "Jlr"]
[Black "Fouvolant"]
[WhiteElo "1370"]
[BlackElo "1390"]
[Result "0-1"]
1.e4 c5
2.Bf1c4 e6
3.Qd1f3 Nb8c6
4.Qf3h5 Ng8f6
5.Qh5g5 h6
6.Qg5h4 Bf8e7
7.d3 d6
8.h3 a6
9.g4 Nf6xe4
10.g5 Ne4xg5
11.Bc1xg5 Be7xg5
12.Qh4h5 O-O
13.Nb1c3 d5
14.Bc4b3 b5
15.Ng1f3 Bg5f6
16.O-O-O a5
17.Nc3e2 a4
18.c4 axb3
19.a3 bxc4
20.dxc4 d4
21.Qh5xc5 Bc8b7
22.Ne2f4 Qd8c7
23.Nf4d3 Ra8c8
24.Qc5h5 Nc6a5
25.Kd2 Na5xc4
26.Ke2 Bb7xf3
27.Qh5xf3 e5
28.Nd3b4 Nc4xb2
29.Rd1c1 Qc7xc1
30.Rh1xc1 Rc8xc1
31.Qf3xb3 Nb2c4
32.Nb4d3 Rc1c3
33.Qb3a2 Nc4xa3
34.Nd3b4 Rf8c8
35.Nb4d5 Rc3c2
36.Qa2xc2 Rc8xc2
37.Kf3 Bf6h4
38.Nd5b4 Rc2xf2
39.Ke4 Bh4g3
40.Nb4d5 f5
41.Kd3 Rf2f3
42.Kd2 e4
43.Nd5b4 Na3c4
44.Ke2 d3
45.Kd1 Rf3f1
0-1

[Event "Défi( 10J+24H/c 10J Max )"]
[Site "www.echecsemail.com"]
[Date "2026.01.27"]
[Round "1"]
[White "Xercott"]
[Black "Utopia65"]
[WhiteElo "1810"]
[BlackElo "1520"]
[Result "1-0"]
1.e4 e5
2.Ng1f3 d6
3.Bf1c4 h6
4.Nb1c3 Nb8c6
5.O-O Bc8g4
6.Nf3xe5 Bg4xd1
7.Bc4xf7 Ke7
8.Nc3d5 1-0